| 000 | 00705nam a2200169 a 4500 | ||
|---|---|---|---|
| 008 | 210223s1998 xx |||||||||||||| || u | ||
| 020 | _a9780787617387 | ||
| 050 | _aREF K 640 Cou | ||
| 100 | _aKnappman, Edward W | ||
| 245 | 1 | 0 |
_aCourtroom drama : 120 of the world's most notable trials (Volume 3) _cEdited by Elizabeth Frost-Knappman; Edward W. Knappman; Lisa Paddock |
| 260 |
_a _bU.X.L _c1998 |
||
| 300 | _axlvi, 863 pages : illustrations | ||
| 650 | _aTRIALS--LAW | ||
| 700 | _aPaddock, Lisa | ||
| 700 | _aFrost-Knappman, Elizabeth | ||
| 995 |
_D213.14 _FCBU-MAIN LIBRARY (Kitwe) _M1 _UAVAILABLE _WMar 4, 2021 _ZMain Library Open Access Collection |
||
| 999 |
_c39093 _d39093 |
||